| 000 | 00619nam a2200229 a 4500 | ||
|---|---|---|---|
| 999 |
_c6975 _d6975 |
||
| 001 | 6975 | ||
| 003 | BD-JhCC | ||
| 005 | 20180210173940.0 | ||
| 008 | 171210s1954 e |||| ||a| 000 0 eng d | ||
| 035 | _a(BD-JhCC)6975 | ||
| 040 |
_aBD-JhCC _dBD-JhCC |
||
| 041 | _aben | ||
| 082 |
_a302 _bLIN 1954 |
||
| 100 | _aLindzey, Gardner | ||
| 245 |
_aThe Handbook of Social Psychology / _cGardner Lindzey; Elliot Aronson |
||
| 260 |
_aNew York : _bAmerican Publishung Co. Pvt. Ltd, _c1954. |
||
| 300 |
_a694p. : _c23 cm. |
||
| 650 | _aSocial Psychology | ||
| 700 | _aAronson, Elliot | ||
| 942 |
_2ddc _cBK |
||